[Event "Oberliga Ost-A 1920"]
[Site "Germany"]
[Date "2019.09.29"]
[Round "1.6"]
[White "Hoerr, Matthias"]
[Black "Merkel, Toni"]
[Result "0-1"]
[WhiteElo "2159"]
[BlackElo "1910"]
[PlyCount "148"]
[EventDate "2019.09.29"]
[EventType "team-tourn"]
[EventRounds "11"]
[EventCountry "GER"]
[SourceTitle "EXT 2021"]
[Source "ChessBase"]
[SourceDate "2020.10.23"]
[SourceVersion "1"]
[SourceVersionDate "2020.10.23"]
[SourceQuality "1"]
[WhiteTeam "Plauen Koenig"]
[BlackTeam "Plauen Koenig II"]
[WhiteTeamCountry "GER"]
[BlackTeamCountry "GER"]

1. e4 c5 2. Nf3 d6 3. d4 cxd4 4. Nxd4 Nf6 5. Nc3 g6 6. Be3 Bg7 7. f3 0-0 8. Qd2 Nc6 9. 0-0-0 Bd7 10. Bc4 Rb8 11. Kb1 Ne5 12. Bb3 b5 13. g4 Nc4 14. Bxc4 bxc4 15. Ka1 Qa5 16. h4 Rb4 17. g5 Nh5 18. Nd5 Rfb8 19. Nxb4 Qxb4 20. Qxb4 Rxb4 21. c3 Rb7 22. Ne2 f5 23. exf5 gxf5 24. Nf4 Nxf4 25. Bxf4 e5 26. Bh2 Bf8 27. f4 e4 28. Bg1 Be6 29. Kb1 a5 30. Be3 a4 31. Kc2 Rb5 32. Rb1 Be7 33. Rhf1 Bf7 34. Bd4 Bh5 35. Kd2 Kf7 36. Ke3 Ke6 37. Rf2 Bd8 38. b3 Kd7 39. Rfb2 a3 40. Rh2 Bf7 41. h5 Bg8 42. Rhh1 cxb3 43. Rxb3 Rxb3 44. axb3 Bxb3 45. g6 h6 46. Rc1 Bc4 47. Rb1 Kc6 48. Kd2 a2 49. Ra1 Bb6 50. Bg7 e3+ 51. Kc2 Kd5 52. Re1 e2 53. Bd4 Bxd4 54. cxd4 Kxd4 55. g7 Ke3 56. Kc3 Bg8 57. Kc2 d5 58. Rh1 d4 59. Rh3+ Kf2 60. Rh2+ Kf3 61. Rh1 Ke3 62. Rh3+ Kxf4 63. Rh1 Ke3 64. Rh3+ Ke4 65. Rh1 f4 66. Kd2 f3 67. Rh4+ Kf5 68. Rh1 Kf4 69. Rc1 Kg3 70. Kd3 Kf2 71. Kd2 Bc4 72. Ra1 Kg2 73. Re1 f2 74. Rxe2 a1Q 0-1

[Event "GER-chT U20"]
[Site "Borken"]
[Date "2016.12.30"]
[Round "7.1"]
[White "Merkel, Toni"]
[Black "Keller, Peter1111"]
[Result "0-1"]
[WhiteElo "1853"]
[BlackElo "2253"]
[PlyCount "32"]
[EventDate "2016.12.27"]
[EventType "team-swiss"]
[EventRounds "7"]
[EventCountry "GER"]
[SourceTitle "EXT 2018"]
[Source "ChessBase"]
[SourceDate "2017.10.13"]
[SourceVersion "1"]
[SourceVersionDate "2017.10.13"]
[SourceQuality "1"]
[WhiteTeam "Plauen Koenig"]
[BlackTeam "Frankfurt"]
[WhiteTeamCountry "GER"]
[BlackTeamCountry "GER"]

1. e4 c5 2. Nf3 e6 3. d4 cxd4 4. Nxd4 Nc6 5. Nc3 Qc7 6. Be3 a6 7. Be2 Nf6 8. 0-0 Bb4 9. f3 d5 10. exd5 exd5 11. a3 Bd6 12. f4 0-0 13. Qd2 Re8 14. Rae1 Rxe3 15. Nxc6 Qxc6 16. Bb5 axb5 0-1

[Event "GER-chT U20"]
[Site "Borken"]
[Date "2016.12.29"]
[Round "6.1"]
[White "Duerr, Florian"]
[Black "Merkel, Toni"]
[Result "1-0"]
[WhiteElo "2005"]
[BlackElo "1853"]
[PlyCount "71"]
[EventDate "2016.12.27"]
[EventType "team-swiss"]
[EventRounds "7"]
[EventCountry "GER"]
[SourceTitle "EXT 2018"]
[Source "ChessBase"]
[SourceDate "2017.10.13"]
[SourceVersion "1"]
[SourceVersionDate "2017.10.13"]
[SourceQuality "1"]
[WhiteTeam "Erlangen"]
[BlackTeam "Plauen Koenig"]
[WhiteTeamCountry "GER"]
[BlackTeamCountry "GER"]

1. e4 c5 2. Nf3 d6 3. d4 cxd4 4. Nxd4 Nf6 5. Nc3 g6 6. Be3 Bg7 7. f3 0-0 8. Bc4 Nc6 9. Qd2 Bd7 10. Bb3 Rc8 11. 0-0-0 Ne5 12. h4 h5 13. Bh6 Nc4 14. Bxc4 Rxc4 15. Bxg7 Kxg7 16. g4 Qa5 17. gxh5 Nxh5 18. Rdg1 Qb6 19. Nb3 Rh8 20. Nd5 Qa6 21. Kb1 e6 22. Ne3 Rc7 23. Rd1 Rc6 24. Ng4 e5 25. Nxe5 dxe5 26. Qxd7 Qc4 27. Rc1 Rf6 28. Qxb7 Rc8 29. Rhd1 Nf4 30. Rd2 Rb6 31. Qxa7 Ra6 32. Qe7 Re6 33. Qb7 Ne2 34. Rxe2 Rc7 35. Na5 Qc5 36. Qd5 1-0

[Event "Sachsen-ch U16"]
[Site "Sebnitz"]
[Date "2012.04.11"]
[Round "2"]
[White "Merkel, Toni"]
[Black "Kempe, Markus"]
[Result "1/2-1/2"]
[WhiteElo "1785"]
[BlackElo "1555"]
[PlyCount "75"]
[EventDate "2012.04.10"]
[EventType "swiss"]
[EventRounds "7"]
[EventCountry "GER"]
[SourceTitle "CBM 148 Extra"]
[Source "ChessBase"]
[SourceDate "2012.06.22"]
[SourceVersion "1"]
[SourceVersionDate "2012.06.22"]
[SourceQuality "1"]

1. e4 c5 2. Nf3 Nc6 3. d4 cxd4 4. Nxd4 Nf6 5. Nc3 d6 6. f3 e5 7. Ndb5 a6 8. Na3 b5 9. Nd5 Be6 10. Bg5 Qa5+ 11. c3 Be7 12. Nxe7 Kxe7 13. Qd2 Rhd8 14. Be2 d5 15. 0-0 d4 16. cxd4 Qxd2 17. Bxd2 Nxd4 18. Bb4+ Ke8 19. Bd3 Nc6 20. Nxb5 axb5 21. Bxb5 Bd7 22. Bxc6 Bxc6 23. Rfc1 Rdc8 24. Bd6 Nd7 25. b4 Ba4 26. Rc7 Rxc7 27. Bxc7 Bb5 28. Ba5 Ba4 29. Rc1 f6 30. Rc7 Kf8 31. Kf2 Nb8 32. Rc8+ Ke7 33. Bc7 Bb5 34. Rxb8 Rxa2+ 35. Kg3 Bf1 36. Bb6 Rxg2+ 37. Kh3 Rf2+ 38. Kg3 1/2-1/2

[Event "Sachsen-ch U14"]
[Site "Sebnitz"]
[Date "2011.04.27"]
[Round "3"]
[White "Merkel, Toni"]
[Black "Reich, Patrick"]
[Result "1/2-1/2"]
[WhiteElo "1581"]
[BlackElo "1203"]
[PlyCount "74"]
[EventDate "2011.04.26"]
[EventType "swiss"]
[EventRounds "7"]
[EventCountry "GER"]
[SourceTitle "EXT 2012"]
[Source "ChessBase"]
[SourceDate "2011.11.24"]
[SourceVersion "1"]
[SourceVersionDate "2011.11.24"]
[SourceQuality "1"]

1. e4 e5 2. Nf3 Nc6 3. Bc4 Bc5 4. c3 Nf6 5. d4 exd4 6. cxd4 Bb4+ 7. Nc3 Nxe4 8. 0-0 Nxc3 9. bxc3 Bxc3 10. Qb3 d5 11. Bxd5 0-0 12. Bxf7+ Rxf7 13. Qxc3 Qf6 14. Bg5 Qg6 15. d5 Bg4 16. dxc6 Bxf3 17. gxf3 Qxg5+ 18. Kh1 bxc6 19. Rg1 Qf4 20. Rg3 Raf8 21. Rag1 Qh6 22. Rg4 Kh8 23. R1g3 Rg8 24. Kg2 Qf6 25. Qc5 a6 26. Qa7 Rd7 27. Qxa6 Rd2 28. Qa7 Qb2 29. a4 Rc2 30. Rg5 c5 31. Kh3 Rxf2 32. Qxc5 Rxh2+ 33. Kg4 Qa2 34. a5 Qe6+ 35. Qf5 Qc4+ 36. Qe4 Qf7 37. Qf5 Qc4+ 1/2-1/2

[Event "Sachsen-ch U12"]
[Site "Sebnitz"]
[Date "2009.04.14"]
[Round "1"]
[White "Merkel, Toni"]
[Black "Heidelberger, Colin"]
[Result "0-1"]
[WhiteElo "1131"]
[BlackElo "1411"]
[PlyCount "120"]
[EventDate "2009.04.14"]
[EventType "swiss"]
[EventRounds "7"]
[EventCountry "GER"]
[SourceTitle "EXT 2010"]
[Source "ChessBase"]
[SourceDate "2010.11.25"]
[SourceVersion "1"]
[SourceVersionDate "2010.11.25"]
[SourceQuality "1"]

1. e4 e6 2. d4 d5 3. e5 c5 4. c3 Nc6 5. Nf3 Qb6 6. Bd3 Bd7 7. Bc2 cxd4 8. cxd4 Be7 9. 0-0 f6 10. a3 Rc8 11. b4 a5 12. bxa5 Nxa5 13. Be3 Qb2 14. Nc3 Qxc3 15. Ba4 Bc6 16. Bd2 Qc4 17. Bxc6+ Nxc6 18. Rc1 Qb5 19. a4 Qa6 20. Qb3 Rb8 21. Rb1 Bd8 22. Rfc1 h6 23. Qc2 Kf7 24. Nh4 Nge7 25. Nf3 Nf5 26. Bf4 Nfxd4 27. Nxd4 Nxd4 28. Qd1 Ne2+ 29. Kh1 Nxf4 30. exf6 gxf6 31. g3 Nd3 32. Qh5+ Ke7 33. Rf1 Rc8 34. Qd1 Bb6 35. Kg2 Nxf2 36. Rxf2 Bxf2 37. Kxf2 Qc6 38. Kg1 h5 39. h4 Rhg8 40. Qe1 Qc5+ 41. Kh2 Qc2+ 42. Kh3 Qf5+ 43. Kh2 Rc2+ 44. Kg1 Rc7 45. Qb4+ Kf7 46. Qe1 Qh3 47. Rb3 Qxh4 48. Kf1 Qc4+ 49. Qe2 Qxe2+ 50. Kxe2 e5 51. Kf2 d4 52. Kf3 Rc3+ 53. Rxc3 dxc3 54. Ke2 Rxg3 55. Kd1 Rg2 56. a5 h4 57. Ke1 c2 58. Kf1 h3 59. Ke1 e4 60. Kf1 c1R# 0-1